[Event "Alvise Zichichi mem 7th"]
[Site "Ladispoli"]
[Date "2009.09.27"]
[Round "8"]
[White "Attanasi, Salvatore"]
[Black "Antonetti, Mattia"]
[Result "1-0"]
[WhiteElo "1822"]
[BlackElo "1592"]
[PlyCount "115"]
[EventDate "2009.09.19"]
[EventType "swiss"]
[EventRounds "8"]
[EventCountry "ITA"]
[SourceTitle "EXT 2012"]
[Source "ChessBase"]
[SourceDate "2011.11.24"]
[SourceVersion "1"]
[SourceVersionDate "2011.11.24"]
[SourceQuality "1"]

1. e4 Nf6 2. e5 Nd5 3. d4 d6 4. exd6 exd6 5. c4 Nf6 6. Bd3 Be7 7. Nc3 0-0 8. Nge2 Nc6 9. 0-0 Bg4 10. f3 Bd7 11. a3 Re8 12. b4 a6 13. Bb2 Bf8 14. Qc2 g6 15. Ne4 Bg7 16. Rad1 Rc8 17. Rfe1 Ne7 18. N2g3 Kh8 19. d5 Neg8 20. Re2 h5 21. Rde1 h4 22. Ng5 Nh6 23. Rxe8+ Bxe8 24. N3e4 Nxe4 25. Bxg7+ Kxg7 26. Nxe4 Qe7 27. Qc3+ Qe5 28. Qxe5+ dxe5 29. Nc5 c6 30. Rxe5 Kf6 31. Re1 cxd5 32. cxd5 Bb5 33. Bxb5 axb5 34. d6 Rd8 35. Nxb7 Rd7 36. Nc5 Rxd6 37. Ne4+ Ke6 38. Nxd6+ Kxd6 39. Re8 Nf5 40. Rd8+ Kc7 41. Rd5 Nd6 42. Rc5+ Kb6 43. Kf2 Nf5 44. Rxf5 gxf5 45. Ke3 Kc6 46. Kd4 Kd6 47. Kc3 f4 48. Kb3 Kc6 49. a4 bxa4+ 50. Kxa4 Kb6 51. b5 Kb7 52. Ka5 Ka7 53. b6+ Kb7 54. Kb5 Kb8 55. Kc6 Kc8 56. Kd6 Kb7 57. Ke5 Kxb6 58. Kxf4 1-0

[Event "Alvise Zichichi mem 7th"]
[Site "Ladispoli"]
[Date "2009.09.26"]
[Round "6"]
[White "Placchetta, Omero"]
[Black "Antonetti, Mattia"]
[Result "0-1"]
[WhiteElo "1719"]
[BlackElo "1592"]
[PlyCount "134"]
[EventDate "2009.09.19"]
[EventType "swiss"]
[EventRounds "8"]
[EventCountry "ITA"]
[SourceTitle "EXT 2012"]
[Source "ChessBase"]
[SourceDate "2011.11.24"]
[SourceVersion "1"]
[SourceVersionDate "2011.11.24"]
[SourceQuality "1"]

1. e4 Nf6 2. e5 Nd5 3. d4 d6 4. Bc4 e6 5. Bxd5 exd5 6. Nc3 dxe5 7. dxe5 c6 8. Nf3 Be7 9. 0-0 Bg4 10. h3 Bh5 11. Re1 0-0 12. g4 Bg6 13. Qe2 Bb4 14. Bd2 Bxc2 15. Bg5 f6 16. exf6 Rxf6 17. Bxf6 Qxf6 18. Qe8+ Qf8 19. Qxf8+ Kxf8 20. Nd4 Bg6 21. Ne6+ Kf7 22. Nc7 Na6 23. Nxa8 d4 24. a3 Ba5 25. b4 Bd8 26. Ne4 b6 27. Rad1 c5 28. bxc5 bxc5 29. Nd6+ Kf8 30. h4 Bxh4 31. Nf5 Bf6 32. Re6 Nb8 33. Rb1 Nd7 34. Rb7 Ne5 35. Rb8+ Kf7 36. Ree8 Nf3+ 37. Kg2 Nh4+ 38. Nxh4 Bxh4 39. Rf8+ Ke7 40. Rfc8 Kd6 41. Nc7 Bd3 42. Ne8+ Kd5 43. Nxg7 Bg5 44. Nh5 Bc1 45. Kg3 Kc4 46. Nf4 Bc2 47. Ne6 Bxa3 48. Nxd4 Kxd4 49. Rd8+ Kc3 50. Ra8 c4 51. Rxa7 Bb2 52. Re7 Bd3 53. Re3 Kc2 54. f4 Bc1 55. Re6 Ba3 56. Ra8 Bb2 57. Kf3 c3 58. Re1 Kd2 59. Rh1 Be2+ 60. Kf2 Bxg4 61. Rd8+ Kc2 62. Rh2 Kb1 63. Rh1+ Ka2 64. Ra8+ Ba3 65. Ke3 Bf5 66. Rh2+ c2 67. Kd2 c1Q+ 0-1

[Event "Alvise Zichichi mem 7th"]
[Site "Ladispoli"]
[Date "2009.09.19"]
[Round "1"]
[White "Vertechi, Pietro"]
[Black "Antonetti, Mattia"]
[Result "1-0"]
[WhiteElo "1959"]
[BlackElo "1592"]
[PlyCount "101"]
[EventDate "2009.09.19"]
[EventType "swiss"]
[EventRounds "8"]
[EventCountry "ITA"]
[SourceTitle "EXT 2012"]
[Source "ChessBase"]
[SourceDate "2011.11.24"]
[SourceVersion "1"]
[SourceVersionDate "2011.11.24"]
[SourceQuality "1"]

1. d4 Nf6 2. c4 g6 3. Nc3 Bg7 4. e4 d6 5. f3 0-0 6. Be3 c6 7. Qd2 e5 8. Nge2 exd4 9. Nxd4 Re8 10. 0-0-0 d5 11. Nc2 Qe7 12. cxd5 cxd5 13. exd5 Bf5 14. Bh6 Bxc2 15. Kxc2 Bxh6 16. Qxh6 Rd8 17. Bc4 Qc5 18. Bb3 b5 19. Kb1 a5 20. Qf4 Nbd7 21. d6 Qe5 22. Qxe5 Nxe5 23. Nxb5 a4 24. Bc2 Nc4 25. Rhe1 Ra5 26. Bd3 Nxd6 27. Bc4 Nb7 28. Rxd8+ Nxd8 29. a3 Kf8 30. Nc3 Rc5 31. Bb5 Ne6 32. Bxa4 h5 33. Ne4 Re5 34. Bc2 Nc5 35. b4 Nb7 36. Rd1 Nd5 37. Kb2 f5 38. Nc3 Ne3 39. Rd7 Nc4+ 40. Kb3 Ncd6 41. a4 h4 42. Bd3 Ke8 43. Rh7 g5 44. Rg7 Nf7 45. Bc4 Nbd6 46. Bxf7+ Nxf7 47. a5 Re6 48. b5 Kf8 49. Rxf7+ Kxf7 50. b6 Rc6 51. b7 1-0